00953njm a2200253Ia 450000100060000000300090000600500170001500800410003204000130007304000130008604100110009910000190011010000180012910000380014724500590018525000110024426000110025526000590026630000100032550000310033550502040036651100780057065000510064820307IT-RoPAU20220918181204.0131025s9999 xx 000 0 und d aIT-RoPAU cIT-RoPAU aLATINO aPerosi Lorenzo eAutore musica gCodice autore musica SPICS: 8117 aMissa pontificalis secunda a tre voci miste con organo a1a ed. aITALIA bANGELICUMc1971 [1a Ed.:1971 - Ed. Lingua Orig.: 1897] aDISCO aMusica liturgica religiosa aKyrie - Gloria - Credo - Sanctus - Benedictus - Agnus Dei - Tantum Ergo a 3 voci pari - Magnificat a 2 voci pari e organo - Te Deum a 3 voci pari (Coro Polifonico di Milano diretto da Giulio Bertola) aCoro della Cappella dell'Immacolata di Bergamo diretto da Corbetta Egidio aLITURGICO [DISCHI]eCodice MATERIA SPICS: 9950